000 00522nam a2200157Ia 4500
003 GCL
008 140319s9999 xx 000 0 ara d
040 _aGCL /
_cGCL
082 0 4 _aم
_b031
_bا م \\=aاديتوكربس الدوليةv
245 1 0 _aالموسوعة العالمية الشاملة
260 _aنيويورك :
_bEDITO CREPS INTERNATIONAL ،
_c1997
300 _aمتعدد ؛
_c24 سم
650 0 4 _aدوائر المعارف
650 0 4 _aدوائر المعارف العربية
942 _2ddc
_cBK
999 _c51809
_d51809